Childish Gambino Songs - Statistics

General Stats
  • This quiz has been taken 404 times
    314 since last reset
  • The average score is 34 of 85
Answer Stats
Hint Answer % Correct
"Awaken, My Love!" Redbone
82%
Because the Internet 3005
80%
"Awaken, My Love!" Me and Your Mama
76%
Camp Bonfire
73%
Camp Les
73%
Camp Heartbeat
69%
Bando Stone and the New World Lithonia
64%
Summer Pack Feels Like Summer
63%
Kauai Sober
63%
Because the Internet IV. Sweatpants
62%
Atavista Atavista
55%
Camp Fire Fly
53%
"Awaken, My Love!" Zombies
51%
Because the Internet I. The Worst Guys
50%
Because the Internet I.Crawl
49%
Because the Internet I. The Party
49%
Because the Internet III. Telegraph Ave. ("Oakland" by Lloyd)
48%
"Awaken, My Love!" The Night Me and Your Mama Met
48%
"Awaken, My Love!" California
47%
EP Freaks and Geeks
47%
Because the Internet I. Pink Toes
47%
Because the Internet II. Worldstar
46%
Because the Internet III. Urn
45%
Because the Internet II. Earth: The Oldest Computer (The Last Night)
44%
Camp Letter Home
44%
Because the Internet The Library - Intro
43%
Because the Internet II. Shadows
42%
Summer Pack Summertime Magic
42%
Atavista To Be Hunted
42%
Because the Internet III. Life: The Biggest Troll [Andrew Auernheimer]
41%
Camp All The Shine
40%
"Awaken, My Love!" Baby Boy
40%
Camp Kids
40%
Camp Outside
40%
Camp That Power
40%
Kauai The Palisades
39%
Atavista Final Church
38%
Because the Internet I. Flight of the Navigator
38%
Camp Sunrise
38%
Atavista Time
38%
"Awaken, My Love!" Riot
37%
Bando Stone and the New World Steps Beach
37%
"Awaken, My Love!" Terrified
37%
"Awaken, My Love!" Boogieman
36%
Bando Stone and the New World H3@RT$ W3RE M3@NT T0 F7¥
36%
Because the Internet II. Zealots of Stockholm [Free Information]
36%
Bando Stone and the New World In The Night
36%
Atavista Little Foot Big Foot
36%
Because the Internet Dial Up
35%
Atavista Human Sacrifice
35%
Kauai Retro (Rough)
35%
"Awaken, My Love!" Stand Tall
35%
Camp Backpackers
34%
Bando Stone and the New World Survive
34%
Bando Stone and the New World Talk My Shit
34%
Atavista Algorhythm
33%
Because the Internet II. No Exit
33%
Camp You See Me
32%
Bando Stone and the New World Dadvocate
31%
Because the Internet Playing Around Before the Party Starts
31%
Bando Stone and the New World Real Love
31%
"Awaken, My Love!" Have Some Love
30%
Kauai Poke
30%
Atavista The Violence
30%
Bando Stone and the New World Yoshinoya
30%
EP Be Alone
29%
Camp Hold You Down
29%
Kauai Pop Thieves (Make It Feel Good)
29%
Bando Stone and the New World Cruisin'
28%
Bando Stone and the New World Got To Be
28%
EP Not Going Back
28%
Atavista Sweet Thang
28%
EP Lights Turned On
27%
Bando Stone and the New World A Place Where Love Goes
26%
Kauai Late Night In Kauai
26%
EP My Shine
26%
Atavista Psilocybae
26%
Because the Internet Death By Numbers
25%
Bando Stone and the New World Happy Survival
25%
Bando Stone and the New World Running Around
24%
Atavista Why Go To The Party
23%
Bando Stone and the New World Can You Feel Me
20%
Bando Stone and the New World No Excuses
20%
Bando Stone and the New World We Are God
20%
Kauai V. 3005 - Beach Picnic Version
14%
No matching quizzes found
Score Distribution
Percent of People with Each Score
Percentile by Number Answered
Your Score History
You have not taken this quiz since the last reset